[Event "Kalininsky Region-ch"]
[Site "Ufa"]
[Date "2014.10.05"]
[Round "1"]
[White "Aplaev, Yuriy"]
[Black "Penzin, Vladimir"]
[Result "0-1"]
[WhiteElo "2163"]
[BlackElo "2056"]
[PlyCount "68"]
[EventDate "2014.10.05"]
[EventType "tourn"]
[EventRounds "10"]
[EventCountry "RUS"]
[SourceTitle "EXT 2023"]
[Source "ChessBase"]
[SourceDate "2022.10.05"]
[SourceVersion "1"]
[SourceVersionDate "2022.10.05"]
[SourceQuality "1"]

1. d4 Nf6 2. c4 g6 3. Nc3 Bg7 4. g3 0-0 5. Bg2 c5 6. d5 d6 7. Nf3 a6 8. 0-0 b5 9. Re1 Nbd7 10. e4 Ng4 11. Qe2 bxc4 12. Qxc4 Rb8 13. Qe2 Qa5 14. Nd1 Qb5 15. Bg5 Re8 16. Rb1 Qxe2 17. Rxe2 a5 18. Re1 Ba6 19. Bd2 Bd3 20. Ra1 a4 21. Bc3 Bxc3 22. Nxc3 Rxb2 23. Nxa4 Rc2 24. h3 Ngf6 25. e5 dxe5 26. Nxe5 Bb5 27. Nxd7 Nxd7 28. Be4 Bxa4 29. Bxc2 Bxc2 30. Re2 Ba4 31. Rae1 Kf8 32. g4 Nb6 33. Rc1 Rc8 34. Re4 Bb5 0-1

[Event "Ufa Dautov Memorial op"]
[Site "Ufa"]
[Date "2010.04.10"]
[Round "8"]
[White "Darmin, Dmitry"]
[Black "Aplaev, Yuriy"]
[Result "1-0"]
[WhiteElo "2361"]
[BlackElo "2160"]
[PlyCount "73"]
[EventDate "2010.04.03"]
[EventType "swiss"]
[EventRounds "9"]
[EventCountry "RUS"]
[SourceTitle "CBM 135 Extra"]
[Source "ChessBase"]
[SourceDate "2010.05.04"]
[SourceVersion "1"]
[SourceVersionDate "2010.05.04"]
[SourceQuality "1"]

1. e4 c6 2. d4 d5 3. exd5 cxd5 4. Bd3 Nc6 5. c3 Nf6 6. Bf4 Bg4 7. Qb3 Qd7 8. Nd2 e6 9. Ngf3 Bxf3 10. Nxf3 a6 11. Ne5 Nxe5 12. dxe5 Nh5 13. Be3 g6 14. 0-0-0 b5 15. Kb1 Be7 16. Bh6 Bf8 17. Bxf8 Kxf8 18. g4 Ng7 19. f4 h5 20. h3 Kg8 21. Be2 Qa7 22. Rd4 hxg4 23. Bxg4 Rh4 24. Qd1 Qe7 25. Qd2 Kh7 26. Qf2 Nf5 27. Bxf5 gxf5 28. Rg1 Rg8 29. Rxg8 Kxg8 30. a4 Kh7 31. axb5 axb5 32. Rb4 Rxh3 33. Rxb5 Rh1+ 34. Ka2 Qc7 35. Rb4 Qa5+ 36. Kb3 Ra1 37. Qh4+ 1-0

[Event "Ufa-ch+"]
[Site "Ufa"]
[Date "2009.03.05"]
[Round "3"]
[White "Tukhvatullin, Vladislav"]
[Black "Aplaev, Yuriy"]
[Result "1-0"]
[WhiteElo "2263"]
[BlackElo "2171"]
[PlyCount "75"]
[EventDate "2009.03.01"]
[EventType "tourn"]
[EventRounds "11"]
[EventCountry "RUS"]
[SourceTitle "EXT 2010"]
[Source "ChessBase"]
[SourceDate "2010.11.25"]
[SourceVersion "1"]
[SourceVersionDate "2010.11.25"]
[SourceQuality "1"]

1. e4 c6 2. d4 d5 3. e5 Bf5 4. Nf3 e6 5. Be2 c5 6. Be3 Qb6 7. Nc3 c4 8. Rb1 h6 9. 0-0 Nc6 10. Bxc4 dxc4 11. d5 Qa6 12. dxc6 bxc6 13. Nd4 Ne7 14. Qf3 Bg6 15. Ndb5 0-0-0 16. Nd6+ Rxd6 17. exd6 Nd5 18. Bc5 Kd7 19. b3 Bxd6 20. Bxd6 Kxd6 21. Ne4+ Bxe4 22. Qxe4 c3 23. a4 f5 24. Qf3 g5 25. Rbd1 Qa5 26. Rfe1 Qb4 27. Qe2 Re8 28. Qe5+ Kd7 29. Qg7+ Re7 30. Qxh6 Qg4 31. h3 Qf4 32. g3 Qb4 33. Qxg5 f4 34. Qxf4 Qxf4 35. gxf4 Rf7 36. Re4 c5 37. Kg2 Ke7 38. Rxd5 1-0

[Event "Ufa Siamidi Memorial op"]
[Site "Ufa"]
[Date "2008.09.16"]
[Round "5"]
[White "Hakmedov, Azat"]
[Black "Aplaev, Yuriy"]
[Result "0-1"]
[WhiteElo "2012"]
[BlackElo "2190"]
[PlyCount "104"]
[EventDate "2008.09.12"]
[EventType "swiss"]
[EventRounds "9"]
[EventCountry "RUS"]
[SourceTitle "EXT 2022"]
[Source "ChessBase"]
[SourceDate "2021.10.06"]
[SourceVersion "1"]
[SourceVersionDate "2021.10.06"]
[SourceQuality "1"]

1. d4 Nf6 2. c4 e6 3. Nf3 b6 4. g3 Bb7 5. Bg2 c5 6. d5 exd5 7. Nh4 g6 8. cxd5 Bg7 9. 0-0 0-0 10. Nc3 d6 11. e4 Re8 12. Re1 Na6 13. f4 Nc7 14. e5 dxe5 15. d6 Bxg2 16. Nxg2 Ne6 17. fxe5 Nd7 18. Nd5 Nxe5 19. Bf4 Nd4 20. Ne7+ Rxe7 21. dxe7 Qxe7 22. Bxe5 Bxe5 23. Nh4 Qf6 24. Rf1 Qc6 25. Rb1 Bg7 26. Qd2 Rd8 27. Qg2 Qe6 28. Nf3 Nf5 29. Rfe1 Qxa2 30. Ra1 Qxb2 31. Qxb2 Bxb2 32. Rxa7 Bf6 33. Rb7 Nd4 34. Rf1 Nxf3+ 35. Rxf3 Rd6 36. g4 h6 37. h4 g5 38. hxg5 hxg5 39. Ra3 c4 40. Ra8+ Kg7 41. Raa7 Bd4+ 42. Kg2 Rf6 43. Ra4 Rc6 44. Raa7 c3 45. Rxf7+ Kg6 46. Rfc7 Rxc7 47. Rxc7 Bc5 48. Rc6+ Kf7 49. Rc7+ Ke6 50. Ra7 c2 51. Ra1 Be3 52. Kf3 c1Q 0-1

[Event "Ufa Siamidi Memorial op"]
[Site "Ufa"]
[Date "2008.09.14"]
[Round "3"]
[White "Darmin, Dmitry"]
[Black "Aplaev, Yuriy"]
[Result "1-0"]
[WhiteElo "2352"]
[BlackElo "2190"]
[PlyCount "103"]
[EventDate "2008.09.12"]
[EventType "swiss"]
[EventRounds "9"]
[EventCountry "RUS"]
[SourceTitle "EXT 2022"]
[Source "ChessBase"]
[SourceDate "2021.10.06"]
[SourceVersion "1"]
[SourceVersionDate "2021.10.06"]
[SourceQuality "1"]

1. e4 c6 2. d3 d5 3. Nd2 g6 4. Ngf3 Bg7 5. g3 Nf6 6. Bg2 0-0 7. 0-0 dxe4 8. dxe4 Na6 9. e5 Nd5 10. a3 Nc5 11. Qe2 Qc7 12. c4 Nb6 13. b4 Ne6 14. c5 Nd5 15. Bb2 a5 16. Qe4 Rd8 17. h4 h5 18. Rfe1 Nf8 19. Nb3 Bf5 20. Qc4 axb4 21. axb4 Ne6 22. Nfd4 Rxa1 23. Bxa1 Nxd4 24. Nxd4 e6 25. Nxf5 exf5 26. f4 Ne3 27. Rxe3 Rd1+ 28. Kh2 Rxa1 29. e6 fxe6 30. Rxe6 Qf7 31. Qe2 Bf6 32. b5 cxb5 33. Bd5 Kg7 34. Qxb5 Rd1 35. Bb3 Qd7 36. Qc4 Qd4 37. Qxd4 Rxd4 38. Rb6 Rd2+ 39. Kh1 Rd7 40. Be6 Rc7 41. Bd5 Bd4 42. Bxb7 Rxc5 43. Rd6 Rc1+ 44. Kg2 Rc2+ 45. Kf1 Rf2+ 46. Ke1 Rb2 47. Rd7+ Kh6 48. Bd5 Bf2+ 49. Kd1 Bxg3 50. Bg8 g5 51. hxg5+ Kg6 52. Bh7# 1-0

[Event "Ufa Cup 1st Stage"]
[Site "Ufa"]
[Date "2008.03.18"]
[Round "4"]
[White "Aplaev, Yuriy"]
[Black "Glidzhain, Gor Mikhailovich"]
[Result "0-1"]
[WhiteElo "2225"]
[BlackElo "2185"]
[PlyCount "78"]
[EventDate "2008.03.15"]
[EventType "swiss"]
[EventRounds "9"]
[EventCountry "RUS"]
[SourceTitle "EXT 2022"]
[Source "ChessBase"]
[SourceDate "2021.10.06"]
[SourceVersion "1"]
[SourceVersionDate "2021.10.06"]
[SourceQuality "1"]

1. d4 c5 2. d5 Nf6 3. c4 b5 4. cxb5 a6 5. bxa6 Bxa6 6. g3 d6 7. Bg2 g6 8. Nf3 Bg7 9. 0-0 0-0 10. Re1 Nbd7 11. Nc3 Qa5 12. Bd2 Rfb8 13. Qc2 Ng4 14. Bh3 Nge5 15. Bxd7 Nxd7 16. Rab1 Qc7 17. b3 Rb7 18. e4 Rab8 19. Bg5 c4 20. b4 Rxb4 21. Rxb4 Rxb4 22. Bxe7 Nc5 23. Bg5 Nd3 24. Re3 h6 25. a3 Rb8 26. Bf4 g5 27. Bxg5 hxg5 28. Nxg5 Qe7 29. h4 Bh6 30. e5 dxe5 31. Nce4 Bxg5 32. d6 Qb7 33. Qe2 f5 34. Nxg5 Qb1+ 35. Kh2 Bb7 36. Re4 Nxf2 37. Qxc4+ Kh8 38. Kg2 Bxe4+ 39. Nxe4 Qxe4+ 0-1

[Event "Ufa Cup 1st Stage"]
[Site "Ufa"]
[Date "2008.03.17"]
[Round "3"]
[White "Soldatov, Mikhail"]
[Black "Aplaev, Yuriy"]
[Result "1/2-1/2"]
[WhiteElo "1818"]
[BlackElo "2225"]
[PlyCount "130"]
[EventDate "2008.03.15"]
[EventType "swiss"]
[EventRounds "9"]
[EventCountry "RUS"]
[SourceTitle "EXT 2022"]
[Source "ChessBase"]
[SourceDate "2021.10.06"]
[SourceVersion "1"]
[SourceVersionDate "2021.10.06"]
[SourceQuality "1"]

1. b3 e5 2. e3 Nf6 3. Bb2 d6 4. d4 exd4 5. Bxd4 Nc6 6. Bb5 Be7 7. Ne2 0-0 8. Bxc6 bxc6 9. 0-0 Re8 10. Ng3 Qd7 11. c4 Qg4 12. Qc2 Nh5 13. f3 Qg6 14. Qxg6 hxg6 15. Kf2 Bh4 16. Nd2 g5 17. e4 g6 18. Rfe1 c5 19. Bc3 f6 20. Ndf1 Kf7 21. Kg1 Be6 22. Re3 Bxg3 23. hxg3 a5 24. Kf2 a4 25. Rae1 axb3 26. axb3 Ra2+ 27. R1e2 Rea8 28. Rxa2 Rxa2+ 29. Re2 Ra3 30. Nd2 c6 31. Re1 g4 32. Ra1 Rxa1 33. Bxa1 Ke7 34. Bb2 Ng7 35. Ke3 Bd7 36. f4 Nh5 37. Kf2 Ke6 38. Ba3 Bc8 39. Nf1 f5 40. e5 dxe5 41. fxe5 Kxe5 42. Bxc5 Ke4 43. b4 Kd3 44. Ne3 Nf6 45. Ba7 Ba6 46. b5 cxb5 47. cxb5 Bxb5 48. Nf1 Ne4+ 49. Ke1 Kc3 50. Bb8 Bxf1 51. Kxf1 Kd3 52. Bc7 Nc3 53. Kf2 Ke4 54. Bd6 Nd5 55. Bb8 g5 56. Bd6 f4 57. gxf4 gxf4 58. Bb8 Kf5 59. Ba7 Nc3 60. Bb8 Ne4+ 61. Kf1 g3 62. Bc7 Nc5 63. Bd6 Nd3 64. Bb8 Ke4 65. Bc7 Ne5 1/2-1/2

[Event "Ufa Kopylov Memorial op"]
[Site "Ufa"]
[Date "2007.12.11"]
[Round "5.8"]
[White "Aplaev, Yuriy"]
[Black "Shamin, Aleksey"]
[Result "1-0"]
[WhiteElo "2335"]
[BlackElo "2207"]
[PlyCount "99"]
[EventDate "2007.12.05"]
[EventType "swiss"]
[EventRounds "9"]
[EventCountry "RUS"]
[SourceTitle "EXT 2022"]
[Source "ChessBase"]
[SourceDate "2021.10.06"]
[SourceVersion "1"]
[SourceVersionDate "2021.10.06"]
[SourceQuality "1"]

1. d4 d5 2. Nf3 e6 3. c4 Nf6 4. Bg5 Nbd7 5. e3 Bb4+ 6. Nc3 c5 7. Bxf6 Nxf6 8. Qb3 0-0 9. Bd3 a6 10. a4 b6 11. 0-0 Bb7 12. Rfd1 Qe7 13. Na2 Ba5 14. Ne5 Rfd8 15. Qa3 Rac8 16. Rac1 Qf8 17. cxd5 exd5 18. Bf5 Rc7 19. b3 g6 20. Bh3 Ne4 21. Qb2 Qe7 22. g3 f5 23. Bf1 Rdc8 24. Bd3 cxd4 25. exd4 Nc3 26. b4 Nxa2 27. Rxc7 Qxc7 28. bxa5 Nc3 29. Ra1 bxa5 30. f3 Qe7 31. Qb6 Qb4 32. Qe6+ Kg7 33. Qf7+ Kh6 34. Qf6 Rf8 35. Qh4+ Kg7 36. Nd7 Rf7 37. Nc5 Bc8 38. Bxa6 Bxa6 39. Ne6+ Kg8 40. Qd8+ Rf8 41. Nxf8 Qxf8 42. Qxa5 Ne2+ 43. Kf2 Bc4 44. Qb6 f4 45. a5 Qe7 46. Qb8+ Kf7 47. gxf4 Nxd4 48. Qe5 Qh4+ 49. Kg2 Ne6 50. a6 1-0

[Event "Ufa Kopylov Memorial op"]
[Site "Ufa"]
[Date "2007.12.08"]
[Round "3.7"]
[White "Guzairov, Arthur"]
[Black "Aplaev, Yuriy"]
[Result "1/2-1/2"]
[WhiteElo "2236"]
[BlackElo "2335"]
[PlyCount "75"]
[EventDate "2007.12.05"]
[EventType "swiss"]
[EventRounds "9"]
[EventCountry "RUS"]
[SourceTitle "EXT 2022"]
[Source "ChessBase"]
[SourceDate "2021.10.06"]
[SourceVersion "1"]
[SourceVersionDate "2021.10.06"]
[SourceQuality "1"]

1. d4 Nf6 2. Nf3 b6 3. g3 Bb7 4. Bg2 e6 5. 0-0 c5 6. dxc5 Bxc5 7. c4 0-0 8. Nc3 Ne4 9. Qc2 f5 10. Ng5 Nd6 11. b3 Bxg2 12. Kxg2 Nc6 13. f4 Qc7 14. Nf3 Nd4 15. Qd3 Nxf3 16. exf3 Rad8 17. Rd1 a6 18. Bb2 Nb7 19. Qe2 Be7 20. Na4 Nc5 21. Nxc5 Bxc5 22. Qe5 Qxe5 23. fxe5 d6 24. exd6 Bxd6 25. Rd3 Be7 26. Rad1 Rxd3 27. Rxd3 Rd8 28. Rxd8+ Bxd8 29. Kf2 g5 30. g4 Kf7 31. Ke3 Bc7 32. h3 Ke7 33. Kd3 Bd6 34. Bc3 a5 35. Bb2 Bc5 36. Be5 Kf7 37. Bc7 Ke7 38. Be5 1/2-1/2

[Event "Ufa Dautov Memorial op"]
[Site "Ufa"]
[Date "2007.02.10"]
[Round "8"]
[White "Jamilov, Robert F"]
[Black "Aplaev, Yuriy"]
[Result "1-0"]
[WhiteElo "2308"]
[BlackElo "2342"]
[PlyCount "72"]
[EventDate "2007.02.03"]
[EventType "swiss"]
[EventRounds "9"]
[EventCountry "RUS"]
[SourceTitle "EXT 2010"]
[Source "ChessBase"]
[SourceDate "2010.11.25"]
[SourceVersion "1"]
[SourceVersionDate "2010.11.25"]
[SourceQuality "1"]

1. e4 c6 2. Nc3 d5 3. Qf3 e6 4. d4 Nd7 5. Bf4 Qa5 6. Bd2 Bb4 7. Qg3 Kf8 8. a3 dxe4 9. 0-0-0 Bxc3 10. Bxc3 Qd8 11. d5 Ngf6 12. dxe6 fxe6 13. Nh3 Qe7 14. Bc4 Nd5 15. Rhe1 Nxc3 16. Qxc3 Nf6 17. Ng5 Nd5 18. Qg3 b5 19. Bb3 h5 20. Rxe4 Rh6 21. h4 Kg8 22. f4 Qc7 23. Re5 Rf6 24. Qd3 g6 25. g3 Kg7 26. Rde1 Qb6 27. Ne4 Rf5 28. Rxf5 gxf5 29. Ng5 Qf2 30. Rf1 Qc5 31. Qe2 Qe3+ 32. Qxe3 Nxe3 33. Re1 Nd5 34. Nxe6+ Bxe6 35. Rxe6 Rd8 36. Bxd5 cxd5 1-0

[Event "Ufa Cup 01"]
[Site "Ufa"]
[Date "2007.01.21"]
[Round "7"]
[White "Aplaev, Yuriy"]
[Black "Darmin, Dmitry"]
[Result "1-0"]
[WhiteElo "2342"]
[BlackElo "2262"]
[PlyCount "78"]
[EventDate "2007.01.15"]
[EventType "swiss"]
[EventRounds "9"]
[EventCountry "RUS"]
[SourceTitle "EXT 2008"]
[Source "ChessBase"]
[SourceDate "2007.11.25"]
[SourceVersion "1"]
[SourceVersionDate "2007.11.25"]
[SourceQuality "1"]

1. d4 Nf6 2. Nf3 d6 3. c4 Nbd7 4. Nc3 e5 5. e3 g6 6. Be2 Bg7 7. 0-0 0-0 8. Qc2 Qe7 9. b3 e4 10. Nd2 Re8 11. a4 Nf8 12. Bb2 a5 13. Rae1 Bf5 14. Qd1 h5 15. f3 Bh6 16. Ndxe4 Bxe3+ 17. Kh1 c6 18. Ng3 Bc8 19. Bd3 Qd8 20. Nce4 Nxe4 21. Nxe4 Bg5 22. Nxg5 Rxe1 23. Rxe1 Qxg5 24. Re8 Bh3 25. Rxf8+ Rxf8 26. gxh3 d5 27. Qc1 Qh4 28. Qe3 Qxh3 29. Bc3 b6 30. Kg1 Qd7 31. Qg5 Qd6 32. cxd5 cxd5 33. Bd2 Qc6 34. f4 f5 35. Qg2 Kh7 36. Qf1 Qf6 37. Qf2 Re8 38. Kg2 Qe6 39. Qf3 Qd7 1-0

[Event "Ufa Cup 01"]
[Site "Ufa"]
[Date "2007.01.18"]
[Round "4"]
[White "Dolomatov, Nikolai"]
[Black "Aplaev, Yuriy"]
[Result "1/2-1/2"]
[WhiteElo "2236"]
[BlackElo "2342"]
[PlyCount "104"]
[EventDate "2007.01.15"]
[EventType "swiss"]
[EventRounds "9"]
[EventCountry "RUS"]
[SourceTitle "EXT 2008"]
[Source "ChessBase"]
[SourceDate "2007.11.25"]
[SourceVersion "1"]
[SourceVersionDate "2007.11.25"]
[SourceQuality "1"]

1. e4 c6 2. d4 d5 3. e5 Bf5 4. Nc3 e6 5. g4 Bg6 6. Nge2 Qh4 7. Nf4 Bb4 8. Bg2 Ne7 9. a3 Bxc3+ 10. bxc3 h5 11. Rb1 b6 12. Nxh5 Bxh5 13. gxh5 Rxh5 14. a4 Nd7 15. Qd3 Nf5 16. Bf3 Rh8 17. Ke2 c5 18. Be3 cxd4 19. cxd4 Rc8 20. c3 Nxe3 21. Qxe3 Qh6 22. Qd3 Qh7 23. Qd2 Rc4 24. Rb4 Rc7 25. Rg1 a5 26. Rb3 Qh6 27. Qb2 Rc6 28. h4 Qxh4 29. Rh1 Qxh1 30. Bxh1 Rxh1 31. Kf3 Kd8 32. Kg2 Rh6 33. Qd2 Rg6+ 34. Kf1 Rc4 35. Ra3 f5 36. exf6 gxf6 37. Qf4 Ke7 38. Qh2 Rg7 39. Qh8 Rf7 40. Ke2 e5 41. Qh4 Nc5 42. Qh2 Nxa4 43. dxe5 Re4+ 44. Kf1 fxe5 45. Rxa4 Rxa4 46. Qxe5+ Kf8 47. Qd6+ Kg7 48. Qg3+ Kh8 49. Qh3+ Kg8 50. Qg3+ Kh7 51. Qh2+ Kg6 52. Qg3+ Kf5 1/2-1/2

[Event "Ufa Cup 01"]
[Site "Ufa"]
[Date "2007.01.15"]
[Round "1"]
[White "Aplaev, Yuriy"]
[Black "Nikitina, Elena"]
[Result "1/2-1/2"]
[WhiteElo "2335"]
[BlackElo "2032"]
[PlyCount "125"]
[EventDate "2007.01.15"]
[EventType "swiss"]
[EventRounds "9"]
[EventCountry "RUS"]
[SourceTitle "EXT 2008"]
[Source "ChessBase"]
[SourceDate "2007.11.25"]
[SourceVersion "1"]
[SourceVersionDate "2007.11.25"]
[SourceQuality "1"]

1. d4 Nf6 2. g3 d5 3. Bg2 e6 4. c4 Be7 5. Nf3 0-0 6. 0-0 b6 7. Nc3 Bb7 8. Ne5 Nbd7 9. Bf4 c5 10. e3 Ne4 11. Bxe4 dxe4 12. Nxd7 Qxd7 13. dxc5 Qxd1 14. Rfxd1 Bxc5 15. Bd6 Bxd6 16. Rxd6 Rfc8 17. Rad1 Kf8 18. b3 Bc6 19. Kf1 Ke7 20. Ke1 f5 21. a4 Be8 22. R1d2 Rab8 23. Na2 a5 24. Nc3 Rd8 25. Rxd8 Rxd8 26. Rxd8 Kxd8 27. Kd2 Kc7 28. Ne2 Kd6 29. Kc3 e5 30. Kc2 Bc6 31. Nc3 Kc5 32. Kb2 Kb4 33. Na2+ Kc5 34. Ka3 Bd7 35. Nc3 Bc6 36. h3 h6 37. Kb2 Kb4 38. Na2+ Kc5 39. Kc3 Bd7 40. h4 g5 41. hxg5 hxg5 42. Kb2 Bc6 43. Ka3 Bd7 44. Nc3 Bc6 45. Ne2 Bd7 46. Ng1 g4 47. Ne2 Be8 48. Nc3 Bc6 49. Nb5 Bd7 50. Kb2 Bc6 51. Kc3 Bd7 52. Nc7 Bc6 53. Na6+ Kd6 54. b4 Bxa4 55. c5+ bxc5 56. Nxc5 axb4+ 57. Kxb4 Bc6 58. Nb3 Bd5 59. Nd2 Kc6 60. Nc4 Bxc4 61. Kxc4 f4 62. Kb4 fxg3 63. fxg3 1/2-1/2

[Event "Ufa Kopylov Memorial"]
[Site "Ufa"]
[Date "2006.12.??"]
[Round "10"]
[White "Aplaev, Yuriy"]
[Black "Khamitskiy, Sergei"]
[Result "1-0"]
[WhiteElo "2342"]
[BlackElo "2323"]
[PlyCount "165"]
[EventDate "2006.12.03"]
[EventType "tourn"]
[EventRounds "10"]
[EventCountry "RUS"]
[EventCategory "5"]
[SourceTitle "EXT 2019"]
[Source "ChessBase"]
[SourceDate "2018.10.10"]
[SourceVersion "1"]
[SourceVersionDate "2018.10.10"]
[SourceQuality "1"]

1. d4 e6 2. c4 b6 3. e4 Bb7 4. Bd3 f5 5. Qe2 Nf6 6. Bg5 Bb4+ 7. Nc3 h6 8. Bxf6 Qxf6 9. Nf3 0-0 10. 0-0 Nc6 11. exf5 Nxd4 12. Nxd4 Qxd4 13. fxe6 Rae8 14. Rad1 Qh4 15. Nd5 Rxe6 16. Qc2 Bd6 17. g3 Qg4 18. Rde1 Bc5 19. Re4 Qf3 20. Rxe6 dxe6 21. Bh7+ Kh8 22. Be4 Qg4 23. Nc3 Bxe4 24. Qxe4 Qxe4 25. Nxe4 Bd4 26. b3 a5 27. Rd1 e5 28. Kf1 a4 29. b4 Kg8 30. Ke2 Kf7 31. b5 Ke6 32. Rd3 Kd7 33. Rf3 Rxf3 34. Kxf3 Ke6 35. g4 g6 36. h4 Bb2 37. Ke2 Kd7 38. Kd3 c6 39. f3 Ba1 40. Ng3 Bb2 41. h5 gxh5 42. Nxh5 Kd6 43. bxc6 Kxc6 44. Ng3 Kc5 45. Kc2 Bd4 46. Nf5 Kxc4 47. Nxh6 b5 48. g5 b4 49. Kb1 e4 50. fxe4 Kd3 51. Nf5 Be5 52. g6 Kxe4 53. g7 Bxg7 54. Nxg7 Kd3 55. Kb2 Kc4 56. Nf5 Kd5 57. Ne3+ Kd4 58. Nf1 Kd3 59. Nh2 Kd4 60. Nf3+ Ke3 61. Ne5 Kd4 62. Ng4 Kd3 63. Nf6 Kd4 64. Kc1 Kc4 65. Ne4 Kd4 66. Nd2 Kc3 67. Nb1+ Kd3 68. Kb2 Kc4 69. Nd2+ Kd3 70. Nf3 Ke4 71. Ng5+ Kd3 72. Nf7 Kd4 73. Nd6 Kd5 74. Nc8 Kc5 75. Kc1 Kc4 76. Na7 Kc3 77. Nb5+ Kc4 78. Nc7 Kc3 79. Nd5+ Kc4 80. Ne3+ Kd3 81. Nd1 a3 82. Nf2+ Kc4 83. Kc2 1-0

[Event "Ufa Kopylov Memorial"]
[Site "Ufa"]
[Date "2006.12.??"]
[Round "4"]
[White "Markosian, David S"]
[Black "Aplaev, Yuriy"]
[Result "1-0"]
[WhiteElo "2359"]
[BlackElo "2342"]
[PlyCount "115"]
[EventDate "2006.12.03"]
[EventType "tourn"]
[EventRounds "10"]
[EventCountry "RUS"]
[EventCategory "5"]
[SourceTitle "EXT 2019"]
[Source "ChessBase"]
[SourceDate "2018.10.10"]
[SourceVersion "1"]
[SourceVersionDate "2018.10.10"]
[SourceQuality "1"]

1. e4 c5 2. b3 Nc6 3. Bb2 d6 4. Bb5 Nf6 5. Nc3 a6 6. Bxc6+ bxc6 7. Nge2 e6 8. 0-0 Be7 9. f4 d5 10. e5 Nd7 11. Na4 0-0 12. d3 f5 13. exf6 Bxf6 14. Bxf6 Qxf6 15. Qd2 a5 16. Qe3 Qe7 17. c4 Bb7 18. Rac1 Rac8 19. Rfe1 Rfe8 20. Ng3 Qd6 21. Qf3 g6 22. Qg4 Kh8 23. Re2 Re7 24. Rce1 Rce8 25. h4 Bc8 26. Qg5 e5 27. f5 Rf7 28. fxg6 Qxg6 29. Qxg6 hxg6 30. Rf1 Kg7 31. Ref2 Rxf2 32. Kxf2 Rh8 33. Rh1 Kf7 34. Ke2 Ke7 35. h5 gxh5 36. Rxh5 Rxh5 37. Nxh5 Kd6 38. Kd2 Nf8 39. Nb6 Bf5 40. Nf6 Ke7 41. g4 Kxf6 42. gxf5 d4 43. Nc8 Kxf5 44. Ne7+ Kf4 45. Nxc6 e4 46. dxe4 Kxe4 47. Nxa5 Ne6 48. Nb7 d3 49. Nd6+ Ke5 50. Nb5 Ke4 51. a4 Ng5 52. a5 Nf3+ 53. Kd1 Ke3 54. a6 Ne5 55. a7 Ng4 56. Nc3 Nf2+ 57. Kc1 d2+ 58. Kc2 1-0